| 000 | 00671nam a2200217Ia 4500 | ||
|---|---|---|---|
| 003 | OSt | ||
| 005 | 20220925205817.0 | ||
| 006 | a|||||r|||| 00| 0 | ||
| 007 | ta | ||
| 008 | 220923b |||||||| |||| 00| 0 eng d | ||
| 037 | _cGeneral Book | ||
| 040 |
_aRTL _cRTL _beng |
||
| 041 |
_2eng _aeng |
||
| 082 | _aX9(M7).216.N48-N47,N50,N57-N55s, J8 | ||
| 110 |
_aSIRSILK LIMITED _9271132 |
||
| 245 | 0 | _aStatutory report, 18 Nov. 1946 | |
| 260 |
_aHyderabad _bDecan The Hyderabad Construction Co. ltd. _c1946 |
||
| 700 |
_aSIRSILK LIMITED _9271133 |
||
| 942 |
_hX9(M7).216.N48-N47,N50,N57-N55s, J8 _cGB _2CC |
||
| 999 |
_c553301 _d553301 |
||